00862nam a2200217 a 450000100060000000300080000600500170001400800410003103500190007204000320009104100130012308200250013624501050016126000530026630000340031965100600035365100600041394200120047399900170048595201420050245236BD-RjUL20211209054002.0160725s1949 dcub b f000 0 eng  a(BD-RjUL)45354 aDLCcDLCdDLCdBD-RjULbeng1 aenghger00223a327.43bDOC 194900aDocuments on German foreign policy, 1918-1945 : bfrom the archives of the German Foreign Ministry / aLondon :bHis Majestys Stationery Offiuce,c1949 acv, 1220 p. :bill. ;c24 cm. 0aGermanyxForeign relationsy1918-1933vSources.9138573 0aGermanyxForeign relationsy1933-1945vSources.9138574 2ddccBK c45236d45236 00102ddc40708NFICaRUCLbRUCLcStackd1955-09-19eB. H. Blackwellg1.15l0o327.43 DOC 1949r2016-07-25 00:00:00tC-2w2016-07-25yBK